| 000 | 01627nab a2200385 i 4500 | ||
|---|---|---|---|
| 001 | 68089 | ||
| 003 | FINmELB | ||
| 005 | 20241217142851.0 | ||
| 006 | m o d | | ||
| 007 | cr cnu|||||||| | ||
| 008 | 240708c20239999cu qr p o 0 0spa d | ||
| 022 | _a1561-2945 | ||
| 035 | _a(OCoLC)1472950048 | ||
| 040 |
_aFINmELB _bspa _erda _cFINmELB |
||
| 050 | 4 |
_aRD31 _b.S733 2023 |
|
| 080 | _a616-089(045)(729.1) | ||
| 082 | 0 | 4 |
_a617 _223 |
| 100 | 1 |
_aStable Jurquín, Yosvany, _eautor. |
|
| 245 | 1 | 0 |
_aTrauma abdominal en pacientes del Hospital Universitario General Calixto García = _bAbdominal Trauma in Patients at Hospital Universitario General Calixto García / _cYosvany Stable Jurquín, Daniuska Encarnación Verano, José Gimel Sosa Martín. |
| 264 | 1 |
_aLa Habana : _bEditorial Ciencias Médicas, _c2023. |
|
| 336 |
_atexto _btxt _2rdacontent/spa |
||
| 337 |
_acomputadora _bc _2rdamedia/spa |
||
| 338 |
_arecurso en línea _bcr _2rdacarrier/spa |
||
| 546 | _aResumen en español e inglés. | ||
| 590 | _aRecurso electrónico. Santa Fe, Arg.: elibro, 2024. Disponible vía World Wide Web. El acceso puede estar limitado para las bibliotecas afiliadas a elibro. | ||
| 650 | 4 | _aAccidente de tránsito. | |
| 650 | 4 | _aHeridas penetrantes. | |
| 650 | 4 | _aTraumatismos abdominales. | |
| 655 | 4 | _aLibros electrónicos. | |
| 700 | 1 |
_aEncarnación Verano, Daniuska, _eautor. |
|
| 700 | 1 |
_aSosa Martín, José Gimel, _eautor. |
|
| 773 | 0 | 8 |
_iContenida en: _tRevista cubana de cirugía _gVol. 62, no. 2 (2023), p. 00-00 |
| 797 | 2 | _aelibro, Corp. | |
| 856 | 4 | 0 | _uhttps://elibro.net/ereader/politecnicointernacional/274341 |
| 999 |
_c68089 _d68089 |
||